000 00512nam a2200181 4500
001 126007
003 ES-MaACL
005 20230906192732.0
007 t|
008 070214s1978 sp r ||||1| spa d
100 1 _aRei, Dario.
_995948
245 1 3 _aLa revolución científica /
_cDario Rei ; traducción Rosend Arqués.
250 _a1ª ed.
260 _aBarcelona :
_bIcaria,
_c1978.
300 _a209 p. :
_bil. ;
_c20 cm.
700 1 _aArquès, Rossend.
_923196
852 _aES-MaACL
_jA-9297
_bR.98327
999 _c126007
_d126007